000 00479nam a2200133Ia 4500
008 250516s9999 xx 000 0 und d
020 _a978135014631097813501462809781350146273
100 _aJonathan Hughes
245 0 _aDante’s Divine Comedy in Early Renaissance England The Collision of Two Worlds
260 _c2022
_bBloomsbury Academic
650 _aHistory
856 _uhttps://doi.org/10.5040/9781350146310?locatt=label:secondary_bloomsburyCollections
942 _cEB
999 _c390332
_d390332